Hình học cao cấp
Đã lưu trong:
| Hovedforfatter: | |
|---|---|
| Format: | Bog |
| Udgivet: |
Hà Nội
Giáo dục
2007
|
| Udgivelse: | Tái bản lần thứ ba |
| Fag: | |
| Tags: |
Tilføj Tag
Ingen Tags, Vær først til at tagge denne postø!
|
| Thư viện lưu trữ: | Trung tâm Học liệu Lê Vũ Hùng, Trường Đại học Đồng Tháp |
|---|
| LEADER | 00818pam a22002418a 4500 | ||
|---|---|---|---|
| 001 | 00043777 | ||
| 005 | 20190312150317.0 | ||
| 008 | 130823s2009 ||||||Viesd | ||
| 020 | # | # | |c 18500 |
| 041 | 0 | # | |a Vie |
| 082 | 1 | 4 | |a 516 |b H312H |
| 100 | 1 | # | |a Nguyễn, Mộng Hy |
| 245 | 0 | 0 | |a Hình học cao cấp |c Nguyễn Mộng Hy |
| 250 | # | # | |a Tái bản lần thứ ba |
| 260 | # | # | |a Hà Nội |b Giáo dục |c 2007 |
| 300 | # | # | |a 283 tr. |c 20 cm. |
| 653 | # | # | |a Hình học Afin |
| 653 | # | # | |a Hình học cao cấp |
| 653 | # | # | |a Không gian Afin |
| 653 | # | # | |a Không gian ơclet |
| 852 | # | # | |j KD.0024492 |j KM.0027784 |j KM.0027785 |j KM.0027786 |j KM.0027787 |j KM.0027788 |j KM.0027789 |j KM.0027790 |
| 910 | 0 | # | |d 12/3/2019 |
| 980 | # | # | |a Trung tâm Học liệu Lê Vũ Hùng, Trường Đại học Đồng Tháp |